Teoría de la comunicación humana: interacciones, patologías y paradojas

Furkejuvvon:
Bibliográfalaš dieđut
Váldodahkkit: Watzlawick, Paul (Dahkki), Beavin Bavelas, Janet (Dahkki), Jackson, Donald D (Dahkki)
Materiálatiipa: Girji
Giella:espánnjágiella
Almmustuhtton: Barcelona Herder 1997
Preanttus:11a. ed
Ráidu:Biblioteca de psicología, textos universitarios
Fáttát:
Fáddágilkorat: Lasit fáddágilkoriid
Eai fáddágilkorat, Lasit vuosttaš fáddágilkora!

MARC

LEADER 00000nam a2200000 a 4500
001 UCH6587
003 CL-VaPUC
008 091109e19970000SP |||||||||||||||||spa|d
020 |a 8425412056 
082 0 4 |a 302.2  |b WAT  |2 21 
100 0 |a Watzlawick, Paul  |e author  |9 543181 
700 0 |a Beavin Bavelas, Janet  |e author  |9 543182 
700 |a Jackson, Donald D  |e author  |9 543183 
245 1 0 |a Teoría de la comunicación humana: interacciones, patologías y paradojas 
250 |a 11a. ed 
300 |a 262 p 
942 |c BK 
945 |d 20091109 00:00:00  |a ccalabra 
260 |a Barcelona  |b Herder  |c 1997 
650 0 |a Teoría de la comunicación   |9 260752 
650 0 |a Técnicas de comunicación  |9 334811 
650 7 |a COMINICACION  |2 CL-VaPUC  |9 543184 
650 0 |a Interacción social   |9 307764 
650 7 |a PSICOTERAPIA  |2 CL-VaPUC  |9 543185 
650 0 |a Relaciones interpersonales  |9 307056 
650 0 |a Ciencias sociales   |9 256351 
650 0 |a Relaciones humanas  |9 307340 
583 |a last modification  |c 20190730 04:45:08  |k Rodrigo Vera 
490 0 |a Biblioteca de psicología, textos universitarios 
999 |c 337452  |d 337450